Fundamentals of groundwater (Record no. 754876)

MARC details
000 -LEADER
fixed length control field 01747nam a22001457a 4500
020 ## - INTERNATIONAL STANDARD BOOK NUMBER
ISBN 9781119820130
082 ## - DEWEY DECIMAL CLASSIFICATION NUMBER
Classification number 551.48
Item number SCH.F
245 ## - TITLE STATEMENT
Title Fundamentals of groundwater
Statement of responsibility, etc F W Schwartz ; Hubao Zhang
250 ## - EDITION STATEMENT
Edition statement 2
260 ## - PUBLICATION, DISTRIBUTION, ETC. (IMPRINT)
Place of publication Hoboken, New Jersey
Name of publisher John Wiley & Sons, Inc.
Year of publication 2024
504 ## - BIBLIOGRAPHY, ETC. NOTE
Bibliography, etc https://search.worldcat.org/title/1415801326
520 ## - SUMMARY, ETC.
Summary, etc "The long-awaited Second Edition of Introduction to Groundwater Hydrology presents the fundamentals of groundwater hydrology, as well as the knowledge and approaches needed to address contemporary problems in hydrogeology. The theme of the book is groundwater, broadly defined with a focus on fundamentals and problems necessary to deal with aquifer depletion and associated issues. It covers the theory and practice of groundwater from basic principles of physical and chemical hydrogeology to their application to traditional and emerging areas of practice. Thoroughly updated, the early chapters in this new edition, discuss the hydrologic cycle and associated near surface processes like infiltration, overland flow, and streamflow in the hydrologic cycle. Subsequent chapters cover theory of groundwater flow (e.g., concepts of hydraulic head, Darcy equation, etc.), ground water/surface water interactions, and unsaturated flow and fractured media. Techniques of water resources investigations and regional groundwater flow are also examined in detail. The latter part of the book focuses on problems associated with depletion of aquifers worldwide and tools and knowledge necessary for sustainable management. Concepts around non-point source contamination and geogenic contaminants are also treated in detail"-- Provided by publisher
942 ## - ADDED ENTRY ELEMENTS (KOHA)
Source of classification or shelving scheme Dewey Decimal Classification
Koha item type Book
Holdings
Withdrawn status Lost status Source of classification or shelving scheme Damaged status Not for loan Home Library Current Location Date acquired Full call number Accession Number Price effective from Koha item type
    Dewey Decimal Classification     Dept. of Geology Dept. of Geology 07/01/2026 551.48 SCH.F GEO5792 07/01/2026 Book